00535 2200205 4500001002100000005001700021008004100038035002400079090001500103100002200118245004800140260002900188300002900217650002300246850001300269980001300282985000600295986001300301999001500314YOGYA-0209000001693020090227022711.0 ind  0010-020900000016930 a599bVee L aVEEVERS-CARTER, W aLand mamals of IndonesiacW. Veevers-Carter aJakartabIntermasac1979 aix, 116 hlmbilusc22 cm aMamalia - Binatang aYOPDYOGB a05-12-05 a1 afwhRTREV aA000011865